000 00535nam a22001817a 4500
005 20141125114406.0
010 _aENG-111276
020 _a9789350097809
_c350.00
035 _aEN-94808
037 _bDBAD/PUB
082 _aN
100 _aKundu, Sreemoyee Piu
245 _aSita's curse :
_cby Sreemoyee Piu Kundu
_bthe language of desire /
260 _aGurgaon
_bHachette Book Publishing
_c2014
270 _a4th/5th Floors, Corporate Center, Sec. 44
_bGurgaon
_e122003
300 _a332p.
_c22cm(pbk)
942 _2ddc
_cEN
_mKUN
_hN
999 _c90127
_d90127